Textbook of Mental Health Nursing for GNM Students (Record no. 366414)

MARC details
000 -LEADER
fixed length control field 00359nam a22001337a 4500
005 - DATE AND TIME OF LATEST TRANSACTION
control field 20250519113920.0
008 - FIXED-LENGTH DATA ELEMENTS--GENERAL INFORMATION
fixed length control field 250519b |||||||| |||| 00| 0 eng d
041 ## - LANGUAGE CODE
Language code of text/sound track or separate title English
100 ## - MAIN ENTRY--PERSONAL NAME
Author Chakraborty Bani
245 ## - TITLE STATEMENT
Title Textbook of Mental Health Nursing for GNM Students
260 ## - PUBLICATION, DISTRIBUTION, ETC.
Name of publisher, distributor, etc. EMMESS Medical Publishers
365 ## - TRADE PRICE
Price amount Rs. 795.00
942 ## - ADDED ENTRY ELEMENTS (KOHA)
Koha item type Donated Book

No items available.